Datum a čas kvízu
30.5
Celkem bodů
Celkový počet nahraných bodů na tomto kvízu bez doplňovacích otázek.
8.
Pořadí na kvízu
Konečné umístění týmu na tomto kvízu.
Zaznamenané odpovědi
| # | Otázka | Odpověď | Body | Výsledky |
|---|---|---|---|---|
| 1. | V úterý bylo ve Vladislavském... | David Kratochvíl; plavání | 0.5 | |
| 2. | V oblasti okolo černobylské ja... | o modrou barvu | 1 | |
| 3. | Nebyl by to ten správný Hallow... | Medusu/Gorgonu | 1 | |
| 4. | Známý dánský pivovar představi... | Carlsberg | 0 | |
| 5. | Vedení NBA schválilo prodej ji... | Los Angeles Lakers | 0 | |
| 6. | Ačkoliv je čas večeře, věnujem... | vejce; slaninu | 1 | |
| 7. | Od slané ke sladké snídani. V... | javorový sirup | 1 | |
| 8. | „Snídaně v trávě“ není název: | D | 1 | |
| 9. | Když vyrazíme od Mumlavského v... | Krakonošova snídaně | 0 | |
| 10. | Mnozí z nás si snídani bez káv... | cascara | 0 |